ENGLISH FOR CHILDREN FRUITS FRUITS/ TRÁI CÂY

Đã lưu trong:
Sonraí Bibleagrafaíochta
Príomhúdar: THANH HƯƠNG
Formáid: Leabhar
Foilsithe: TP.HCM 2010
Ábhair:
Clibeanna: Cuir Clib Leis
Gan Chlibeanna, Bí ar an gcéad duine leis an taifead seo a chlibeáil!
Thư viện lưu trữ: Mạng thư viện Đại học Đà Nẵng
LEADER 00827nam a22002291a 4500
001 000034381
003 10573
005 20151027132119.0
008 151027s2010 000
082 |a 420.83  |b TH-H  |2 FRUITS/ TRÁI CÂY 
100 |a THANH HƯƠNG 
245 |a ENGLISH FOR CHILDREN FRUITS  |c THANH HƯƠNG  |n FRUITS/ TRÁI CÂY 
260 |a TP.HCM  |c 2010 
650 |a ENGLISH FOR CHILDREN FRUITS, ENGLISH, CHILDREN, FRUITS 
OWN |a LNN 
AVA |a UDN50  |b LNN  |d 420.83 TH-H  |e available  |t Error 5001 Not defined in file expand_doc_bib_avail.  |f 5  |g 0  |h N  |i 0  |k 1 
999 |a From the UDN01 
AVA |a UDN50  |b LNN  |d 420.83 TH-H  |e available  |t Error 5001 Not defined in file expand_doc_bib_avail.  |f 5  |g 0  |h N  |i 0  |k 1 
TYP |a Monograph 
980 |a Mạng thư viện Đại học Đà Nẵng